[Event "SVK-chT2B 2122"]
[Site "Slovakia"]
[Date "2021.11.14"]
[Round "4.4"]
[White "Lecky, Juraj"]
[Black "Lorincz, Renata"]
[Result "1-0"]
[WhiteElo "2067"]
[BlackElo "1926"]
[PlyCount "59"]
[EventDate "2021.10.16"]
[EventType "team-tourn"]
[EventRounds "11"]
[EventCountry "SVK"]
[SourceTitle "EXT 2023"]
[Source "ChessBase"]
[SourceDate "2022.10.05"]
[SourceVersion "1"]
[SourceVersionDate "2022.10.05"]
[SourceQuality "1"]
[WhiteTeam "Levice"]
[BlackTeam "Surany"]
[WhiteTeamCountry "SVK"]
[BlackTeamCountry "SVK"]

1. d4 d5 2. c4 c6 3. Nc3 dxc4 4. e3 b5 5. a4 b4 6. Ne4 e6 7. Bxc4 a5 8. Nf3 Be7 9. 0-0 Nf6 10. Nxf6+ Bxf6 11. Qe2 0-0 12. Rd1 Qc7 13. e4 Nd7 14. e5 Be7 15. Bd3 Rd8 16. Qe4 Nf8 17. Qg4 Ba6 18. Bxa6 Rxa6 19. Be3 Raa8 20. Rdc1 Rd5 21. Rc4 c5 22. dxc5 Rad8 23. h4 Bxc5 24. Rac1 Rd1+ 25. Ne1 Rxc1 26. Rxc1 Rd5 27. Qc4 Nd7 28. Nd3 Bxe3 29. Qxc7 Bxc1 30. Nxc1 1-0

[Event "SVK-chT1W 2122"]
[Site "Slovakia"]
[Date "2021.11.07"]
[Round "2.7"]
[White "Kuna, Martin"]
[Black "Lorincz, Renata"]
[Result "1-0"]
[WhiteElo "1981"]
[BlackElo "1926"]
[PlyCount "75"]
[EventDate "2021.11.06"]
[EventType "team-tourn"]
[EventRounds "11"]
[EventCountry "SVK"]
[SourceTitle "EXT 2023"]
[Source "ChessBase"]
[SourceDate "2022.10.05"]
[SourceVersion "1"]
[SourceVersionDate "2022.10.05"]
[SourceQuality "1"]
[WhiteTeam "Nitra NSK"]
[BlackTeam "Gabcikovo MSK"]
[WhiteTeamCountry "SVK"]
[BlackTeamCountry "SVK"]

1. d4 d5 2. Bf4 Nf6 3. e3 c5 4. c3 Nc6 5. Nd2 e6 6. Ngf3 Bd6 7. Bg3 0-0 8. Bd3 b6 9. e4 dxe4 10. Nxe4 Nxe4 11. Bxe4 Bb7 12. dxc5 Bxc5 13. Qa4 Na5 14. Rd1 Qf6 15. Bh4 Qh6 16. Bg5 Qh5 17. g4 Qh3 18. Ng1 b5 19. Qxa5 Qxg4 20. Bxb7 Rab8 21. Be3 Bxe3 22. fxe3 Rxb7 23. Ne2 Qg2 24. Rg1 Qxh2 25. Rd4 h5 26. Qb4 a5 27. Qxa5 e5 28. Rd5 b4 29. Rxe5 Qh4+ 30. Rg3 Qh1+ 31. Ng1 bxc3 32. Rxh5 Qxh5 33. Qxh5 cxb2 34. Rxg7+ Kxg7 35. Qg5+ Kh8 36. Qh4+ Kg7 37. Qg4+ Kh6 38. Qh3+ 1-0

[Event "SVK-chT1W 2122"]
[Site "Slovakia"]
[Date "2021.11.06"]
[Round "1.7"]
[White "Lorincz, Renata"]
[Black "Riabov, Alexander"]
[Result "1/2-1/2"]
[WhiteElo "1926"]
[BlackElo "2050"]
[PlyCount "105"]
[EventDate "2021.11.06"]
[EventType "team-tourn"]
[EventRounds "11"]
[EventCountry "SVK"]
[SourceTitle "EXT 2023"]
[Source "ChessBase"]
[SourceDate "2022.10.05"]
[SourceVersion "1"]
[SourceVersionDate "2022.10.05"]
[SourceQuality "1"]
[WhiteTeam "Gabcikovo MSK"]
[BlackTeam "Topolcany"]
[WhiteTeamCountry "SVK"]
[BlackTeamCountry "SVK"]

1. d4 g6 2. c4 Bg7 3. e4 d6 4. Nc3 Nc6 5. d5 Nd4 6. Nge2 c5 7. Nxd4 cxd4 8. Ne2 Qb6 9. Qd3 e5 10. dxe6 fxe6 11. h4 Ne7 12. h5 Qb4+ 13. Bd2 Qxb2 14. Rb1 Qxa2 15. Bb4 d5 16. cxd5 exd5 17. Nc1 Qc4 18. Qg3 Qc6 19. Bxe7 Kxe7 20. hxg6 hxg6 21. Rxh8 Bxh8 22. Qg5+ Bf6 23. Qxd5 Qxd5 24. exd5 b6 25. Bc4 Bb7 26. Nb3 Rd8 27. Na5 Bxd5 28. Bxd5 Rxd5 29. Nc6+ Kd7 30. Nxa7 Kc7 31. Nb5+ Kc6 32. Na7+ Kb7 33. Nb5 Bd8 34. Rb4 Bf6 35. Ke2 Be7 36. Rb3 Kc6 37. Na7+ Kb7 38. Nb5 Kc6 39. Na7+ Kb7 40. Nb5 Bd8 41. Kd3 Ka6 42. Nxd4 Bf6 43. Ra3+ Kb7 44. Ra4 b5 45. Rb4 Kb6 46. f4 Be7 47. Rxb5+ Rxb5 48. Nxb5 Kxb5 49. Ke4 Kc6 50. Ke5 Kd7 51. g4 Ke8 52. Ke6 Kf8 53. g5 1/2-1/2

[Event "Senta op-B 17th"]
[Site "Senta"]
[Date "2013.07.20"]
[Round "9"]
[White "Grbin, Stefan"]
[Black "Lorincz, Renata"]
[Result "0-1"]
[WhiteElo "1554"]
[BlackElo "1847"]
[PlyCount "106"]
[EventDate "2013.07.13"]
[EventType "swiss"]
[EventRounds "9"]
[EventCountry "SRB"]
[SourceTitle "EXT 2014"]
[Source "ChessBase"]
[SourceDate "2013.11.20"]
[SourceVersion "1"]
[SourceVersionDate "2013.11.20"]
[SourceQuality "1"]

1. Nf3 d5 2. c4 e6 3. d4 Nf6 4. Bg5 Be7 5. Nc3 0-0 6. e3 h6 7. Bh4 b6 8. Be2 Bb7 9. 0-0 Nbd7 10. Bg3 c5 11. cxd5 Nxd5 12. Rc1 Rc8 13. Ne5 N7f6 14. Bf3 cxd4 15. Qxd4 Nxc3 16. Qxd8 Rfxd8 17. Rxc3 Rxc3 18. bxc3 Bxf3 19. gxf3 Rc8 20. c4 Nh5 21. Rc1 Nxg3 22. fxg3 Ba3 23. Rc2 b5 24. Kf1 f6 25. Nd3 Rxc4 26. Rxc4 bxc4 27. Ne1 Kf7 28. Nc2 Bb2 29. Ke2 Ke7 30. Nd4 Bxd4 31. exd4 Kd6 32. Kd2 h5 33. Kc3 Kd5 34. f4 g5 35. fxg5 fxg5 36. h3 g4 37. h4 Ke4 38. Kxc4 Kf3 39. Kc5 Kxg3 40. Kd6 Kxh4 41. Kxe6 g3 42. d5 g2 43. d6 g1Q 44. d7 Qg4+ 45. Ke7 Qg5+ 46. Ke8 Qe5+ 47. Kd8 Kg5 48. Kc8 Qc5+ 49. Kb7 Qd6 50. Kc8 Qc6+ 51. Kd8 h4 52. Ke7 Qxd7+ 53. Kxd7 h3 0-1

[Event "Senta op-B 17th"]
[Site "Senta"]
[Date "2013.07.17"]
[Round "6"]
[White "Lorincz, Renata"]
[Black "Vilagos, Emil"]
[Result "1/2-1/2"]
[WhiteElo "1847"]
[BlackElo "1603"]
[PlyCount "47"]
[EventDate "2013.07.13"]
[EventType "swiss"]
[EventRounds "9"]
[EventCountry "SRB"]
[SourceTitle "EXT 2014"]
[Source "ChessBase"]
[SourceDate "2013.11.20"]
[SourceVersion "1"]
[SourceVersionDate "2013.11.20"]
[SourceQuality "1"]

1. d4 Nf6 2. c4 c5 3. dxc5 Na6 4. Nc3 Nxc5 5. Nf3 g6 6. e3 Bg7 7. Be2 0-0 8. 0-0 a6 9. Nd4 d5 10. b4 Nce4 11. Nxe4 Nxe4 12. Bb2 dxc4 13. Bxc4 Qb6 14. Qe1 Nd6 15. Bd3 Bd7 16. Rb1 a5 17. a3 axb4 18. Qxb4 Qxb4 19. axb4 Ra4 20. Nc2 Bf5 21. Bxf5 Nxf5 22. Bxg7 Kxg7 23. Ra1 Rfa8 24. Rxa4 1/2-1/2

[Event "SRB-ch U18 Girls"]
[Site "Vrnjacka Banja"]
[Date "2013.04.30"]
[Round "1"]
[White "Lorincz, Renata"]
[Black "Miklos, Adel"]
[Result "1-0"]
[WhiteElo "1861"]
[BlackElo "1563"]
[PlyCount "133"]
[EventDate "2013.04.30"]
[EventType "tourn"]
[EventRounds "9"]
[EventCountry "SRB"]
[SourceTitle "CBM 154 Extra"]
[Source "ChessBase"]
[SourceDate "2013.06.25"]
[SourceVersion "2"]
[SourceVersionDate "2013.06.25"]
[SourceQuality "1"]

1. d4 e6 2. c4 Nf6 3. Nc3 Be7 4. Nf3 0-0 5. e4 d6 6. Bd3 c5 7. 0-0 cxd4 8. Nxd4 Nc6 9. Nf3 e5 10. h3 h6 11. Be3 Nb4 12. Be2 b6 13. Qa4 Na6 14. Rfd1 Nc5 15. Bxc5 bxc5 16. Nxe5 Bb7 17. Bf3 Qb6 18. Nd3 Bc6 19. Qc2 Qb7 20. Nf4 Rfe8 21. Nfd5 Nxd5 22. exd5 Bd7 23. Re1 Bf6 24. Re2 Qa6 25. Ne4 Be5 26. a3 Rab8 27. Rb1 Bf5 28. Qc1 Rb3 29. Nd2 Bxb1 30. Nxb3 Bd3 31. Re1 Bxc4 32. Nd2 Bb5 33. Ne4 Qb7 34. Nc3 Bc4 35. Rd1 Bb3 36. Rd3 c4 37. Re3 Re7 38. Re2 Rc7 39. Be4 Bxc3 40. Qxc3 Re7 41. Qd2 Qd7 42. Kf1 Qb5 43. Qc3 Bd1 44. Re1 Bb3 45. Re2 Bd1 46. Re1 Qb3 47. Qxb3 Bxb3 48. Re3 g6 49. Ke2 f5 50. Bf3 Rxe3+ 51. Kxe3 Kf7 52. Kd4 Kf6 53. Be2 Ke7 54. Bxc4 Bxc4 55. Kxc4 Kd7 56. Kb5 Kc7 57. Ka6 Kb8 58. b4 Ka8 59. a4 Kb8 60. b5 Ka8 61. a5 Kb8 62. b6 Ka8 63. bxa7 f4 64. Kb6 g5 65. Kc6 Kxa7 66. Kxd6 Kb7 67. Ke7 1-0

[Event "Senta op-B 16th"]
[Site "Senta"]
[Date "2012.07.19"]
[Round "7"]
[White "Bernath, Robert"]
[Black "Lorincz, Renata"]
[Result "1-0"]
[WhiteElo "2100"]
[BlackElo "1826"]
[PlyCount "73"]
[EventDate "2012.07.14"]
[EventType "swiss"]
[EventRounds "9"]
[EventCountry "SRB"]
[SourceTitle "CBM 149 Extra"]
[Source "ChessBase"]
[SourceDate "2012.08.24"]
[SourceVersion "1"]
[SourceVersionDate "2012.08.24"]
[SourceQuality "1"]

1. e4 c6 2. d4 d5 3. e5 Bf5 4. Nc3 e6 5. g4 Bg6 6. Nge2 Bb4 7. h4 h6 8. Be3 Nd7 9. f4 Nb6 10. Ng3 Na4 11. Bd2 Nxb2 12. Qf3 Bxc2 13. Rc1 Bh7 14. f5 Bxc3 15. Bxc3 Na4 16. Bd2 exf5 17. gxf5 Qd7 18. Bh3 f6 19. e6 Qe7 20. Qh5+ Kd8 21. Qf3 Nb6 22. Qb3 g6 23. 0-0 gxf5 24. Rce1 Qg7 25. Kh2 Ne7 26. Nxf5 Bxf5 27. Bxf5 Nxf5 28. Rxf5 Nc8 29. Qf3 Rf8 30. Bb4 Ne7 31. Ra1 Qh8 32. Qf4 Nxf5 33. e7+ Nxe7 34. Qd6+ Kc8 35. Qe6+ Kc7 36. Qxe7+ Kc8 37. Bd6 1-0

[Event "Lakitelek Magyarok op"]
[Site "Lakitelek"]
[Date "2011.08.11"]
[Round "7"]
[White "Lorincz, Renata"]
[Black "Marosi, Csaba"]
[Result "1/2-1/2"]
[WhiteElo "1767"]
[BlackElo "2016"]
[PlyCount "31"]
[EventDate "2011.08.06"]
[EventType "swiss"]
[EventRounds "9"]
[EventCountry "HUN"]
[SourceTitle "CBM 144 Extra"]
[Source "ChessBase"]
[SourceDate "2011.10.28"]
[SourceVersion "1"]
[SourceVersionDate "2011.10.28"]
[SourceQuality "1"]

1. d4 b5 2. e4 a6 3. Bd3 Bb7 4. Ne2 e6 5. 0-0 c5 6. c3 Nf6 7. f3 d5 8. e5 Nfd7 9. f4 Nc6 10. Be3 g6 11. Rf3 Qb6 12. Nd2 Be7 13. Qe1 Na5 14. Rb1 Nc4 15. Bf2 Qc7 16. Nf1 1/2-1/2

[Event "Lakitelek Magyarok op"]
[Site "Lakitelek"]
[Date "2011.08.10"]
[Round "6"]
[White "Szlabey, Geza"]
[Black "Lorincz, Renata"]
[Result "1-0"]
[WhiteElo "1918"]
[BlackElo "1767"]
[PlyCount "97"]
[EventDate "2011.08.06"]
[EventType "swiss"]
[EventRounds "9"]
[EventCountry "HUN"]
[SourceTitle "CBM 144 Extra"]
[Source "ChessBase"]
[SourceDate "2011.10.28"]
[SourceVersion "1"]
[SourceVersionDate "2011.10.28"]
[SourceQuality "1"]

1. f4 d5 2. Nf3 c5 3. e3 Nc6 4. Bb5 Bd7 5. Be2 e6 6. 0-0 Bd6 7. d3 Qc7 8. g3 e5 9. Nc3 Nge7 10. Nb5 Qb8 11. Nxd6+ Qxd6 12. e4 dxe4 13. dxe4 Qxd1 14. Rxd1 exf4 15. gxf4 f6 16. Be3 b6 17. Nd2 Nb4 18. Rdc1 0-0 19. a3 Nbc6 20. c3 Rfd8 21. b4 cxb4 22. cxb4 Be6 23. Nf3 Bg4 24. Rd1 Rxd1+ 25. Rxd1 Rd8 26. Bc4+ Kf8 27. Rxd8+ Nxd8 28. Kf2 Bxf3 29. Kxf3 Ndc6 30. Ke2 Ke8 31. Kd3 Kd7 32. Kc3 Kd6 33. a4 h6 34. h4 Nd8 35. h5 Ndc6 36. Bc1 Nd8 37. Ba3 Kd7 38. b5 Ne6 39. Bxe6+ Kxe6 40. f5+ Kd7 41. Kd4 Ke8 42. Bb4 Kd7 43. a5 bxa5 44. Bxa5 Nc8 45. e5 fxe5+ 46. Kxe5 Nd6 47. Bb4 Ne8 48. Bf8 Kc7 49. Bxg7 1-0

[Event "SRB-ch U16 Girls"]
[Site "Kragujevac"]
[Date "2011.04.27"]
[Round "6"]
[White "Lorincz, Renata"]
[Black "Zarkovic, Mila"]
[Result "0-1"]
[WhiteElo "1771"]
[BlackElo "1987"]
[PlyCount "92"]
[EventDate "2011.04.24"]
[EventType "swiss"]
[EventRounds "9"]
[EventCountry "SRB"]
[SourceTitle "EXT 2019"]
[Source "ChessBase"]
[SourceDate "2018.10.10"]
[SourceVersion "1"]
[SourceVersionDate "2018.10.10"]
[SourceQuality "1"]

1. d4 Nf6 2. c4 e6 3. Nc3 Bb4 4. Bd2 0-0 5. Nf3 b6 6. e3 Bb7 7. Bd3 d6 8. 0-0 Nbd7 9. a3 Bxc3 10. Bxc3 Ne4 11. Nd2 Nxc3 12. bxc3 c5 13. Be4 Qc7 14. Bxb7 Qxb7 15. Qf3 Qxf3 16. Nxf3 Rac8 17. Rfc1 Nf6 18. Nd2 Rc7 19. a4 Rfc8 20. a5 cxd4 21. axb6 axb6 22. exd4 h6 23. Kf1 d5 24. cxd5 exd5 25. Nb1 Ne4 26. Ra6 Nxc3 27. Nxc3 Rxc3 28. Rxc3 Rxc3 29. Rxb6 Rc4 30. Ke2 Rxd4 31. Rb8+ Kh7 32. Rd8 Kg6 33. Ke3 Re4+ 34. Kd3 Re5 35. Rd6+ f6 36. f4 Re1 37. Rxd5 Rd1+ 38. Kc4 Rxd5 39. Kxd5 Kf5 40. g3 h5 41. Kd4 Kg4 42. Ke4 Kh3 43. Kf3 f5 44. Ke2 Kxh2 45. Kf2 Kh3 46. Kf3 h4 0-1

[Event "Senta January op"]
[Site "Senta"]
[Date "2010.02.07"]
[Round "9"]
[White "Bicskei, Mihaly"]
[Black "Lorincz, Renata"]
[Result "1-0"]
[WhiteElo "1963"]
[BlackElo "1710"]
[PlyCount "77"]
[EventDate "2010.01.22"]
[EventType "swiss"]
[EventRounds "9"]
[EventCountry "YUG"]
[SourceTitle "EXT 2011"]
[Source "ChessBase"]
[SourceDate "2010.11.26"]
[SourceVersion "1"]
[SourceVersionDate "2010.11.26"]
[SourceQuality "1"]

1. d4 d5 2. Nc3 Bf5 3. f3 Nf6 4. Bg5 e6 5. e4 Bg6 6. e5 Nbd7 7. exf6 gxf6 8. Be3 a6 9. Bd3 c5 10. Bxg6 hxg6 11. f4 c4 12. Nf3 Bh6 13. Qd2 Qc7 14. 0-0 Ke7 15. f5 g5 16. Rae1 Qd6 17. g4 Bg7 18. Rf2 Rae8 19. Na4 b6 20. a3 Qc6 21. Nc3 Qd6 22. Rg2 Rh3 23. Qf2 Kd8 24. fxe6 fxe6 25. Ne2 Qe7 26. Ng3 Rhh8 27. Nh5 Rhf8 28. Nxg7 Qxg7 29. Qg3 Qe7 30. Bd2 a5 31. b4 cxb3 32. cxb3 Qxa3 33. Rc1 Qxb3 34. Re2 Re7 35. Re3 Qb5 36. Qd6 Qb2 37. Rc7 Qb5 38. Ra7 Ke8 39. Rxe6 1-0

[Event "Senta op-B 13th"]
[Site "Senta"]
[Date "2009.07.20"]
[Round "4"]
[White "Mrzic, Branko"]
[Black "Lorincz, Renata"]
[Result "1-0"]
[WhiteElo "1960"]
[BlackElo "1684"]
[PlyCount "57"]
[EventDate "2009.07.18"]
[EventType "swiss"]
[EventRounds "9"]
[EventCountry "YUG"]
[SourceTitle "EXT 2012"]
[Source "ChessBase"]
[SourceDate "2011.11.24"]
[SourceVersion "1"]
[SourceVersionDate "2011.11.24"]
[SourceQuality "1"]

1. f4 d5 2. Nf3 c5 3. e3 Nc6 4. Be2 Nf6 5. 0-0 e6 6. d3 Bd6 7. a4 0-0 8. Qe1 Qc7 9. Qh4 h6 10. Nc3 a6 11. e4 Be7 12. e5 Ne4 13. Qh3 Nxc3 14. bxc3 f6 15. Qh5 Bd7 16. d4 c4 17. Bd2 f5 18. g4 fxg4 19. Qxg4 Rf5 20. Rf2 Kh8 21. Rg2 Rg8 22. Qg6 Qd8 23. Ng5 Bxg5 24. fxg5 Ne7 25. Qh5 Be8 26. Qh3 Bg6 27. gxh6 Bh7 28. Bg5 Qe8 29. hxg7+ 1-0